000 00520nam a2200205Ia 4500
005 20240823031036.0
008 240823s9999||||xx |||||||||||||| ||und||
020 _a978-81-317-2811-6
041 _aENGLISH
082 _A150.287 P6
100 _aLewis R Aiken
245 0 _aPsychological Testing and Assessment
250 _a12th
260 _c2006
_bPearson Education Internat
500 _aYES
650 _apsychological
_bBio Medical Engg.
700 _a Gary Groth Marnat
942 _cBK
999 _c190132
_d190132